000 00756nam a22002292 4500
001 0000023232
005 20151217152237.0
008 120903s xx 000 0 eng d
020 _a0071459129 :
040 _aKABU
_cKABU
245 1 0 _aRobotic surgery /
_cFarid Gharagozloo, Farzad Najam (eds)
260 _aNew York :
_bMcGraw - Hill,
_c2009.
300 _a418 p.
650 0 _aSurgical robots.
_@0000182573
700 1 _aGharagozloo, Farid.
_@0000182574
700 1 _aNajam, Farzad.
_@0000182575
852 1 _9p5,500 KES
852 1 _9p5,500 KES
852 1 _9p5,500 KES
908 _a120903
950 _@1
999 _c9753
_d9753